| 000 | 00476nam a2200121Ia 4500 | ||
|---|---|---|---|
| 008 | 220615s9999||||xx |||||||||||||| ||und|| | ||
| 100 | _aAdriana Estokova (Ed.)||Magdalena Balintova (Ed.) | ||
| 245 | 0 | _aAdvances in Environmental Engineering | |
| 546 | _aEnglish[eng] | ||
| 650 | _aenvironmental assessment||water and wastewater management||environmental materials||soil||LCA||sediment pollution||air quality | ||
| 856 | _uhttp://www.mdpi.com/books/pdfview/book/700 | ||
| 942 | _cEB | ||
| 999 |
_c9942 _d9942 |
||